|
|
|
|
| LEADER |
01288nam a2200325 a 4500 |
| 001 |
000028959 |
| 003 |
CZ BrMZK |
| 005 |
20080131113346.0 |
| 007 |
ta |
| 008 |
950707s1990 xr f cze d |
| 040 |
|
|
|a BOA001
|b cze
|
| 080 |
9 |
|
|a 911.5
|
| 100 |
1 |
|
|a Demek, Jaromír,
|d 1930-2017
|7 jk01022190
|4 aut
|
| 245 |
1 |
0 |
|a Nauka o krajině :
|b pro posluchače PřF a PdF UP /
|c Jaromír Demek
|
| 250 |
|
|
|a 2., upr. vyd.
|
| 260 |
|
|
|a Olomouc :
|b Univerzita Palackého,
|c 1990
|
| 300 |
|
|
|a 253 s.
|
| 490 |
1 |
|
|a Učební texty vysokých škol
|
| 500 |
|
|
|a V tiráži vročení 1989
|
| 504 |
|
|
|a Obsahuje bibliografii
|
| 550 |
|
|
|a Vyd.: Univerzita Palackého, Přírodovědecká fakulta
|
| 710 |
2 |
|
|a Univerzita Palackého.
|b Přírodovědecká fakulta
|7 kn20010709377
|
| 810 |
2 |
|
|a Univerzita Palackého.
|b Přírodovědecká fakulta.
|t Učební texty
|0 s
|
| 910 |
|
|
|a BOA001
|b PK-N-0029.140
|b 4-0960.588
|
| 964 |
|
|
|a Krajina - zeměpis - učebnice - školy vysoké
|
| 964 |
|
|
|a Krajina - systémy - teorie - učebnice - školy vysoké
|
| 990 |
|
|
|a BK
|
| 991 |
|
|
|b 200801
|
| 996 |
7 |
|
|b 2619956952
|c 4-0960.588
|l MZK
|r Sklad / do 1 hodiny
|n 10
|w 000028959
|u 000020
|a 1
|e BOA001
|j MZK50
|s A
|
| 996 |
7 |
|
|b 3119986269
|c PK-N-0029.140
|l MZK
|r Sklad / do 1 hodiny
|n 41
|w 000028959
|u 000010
|a 1
|e BOA001
|j MZK50
|s A
|